000 00523nam a22001817a 4500
003 DO-SdBNP
005 20220426093641.0
008 110301s2012 dr 000 0 spa d
040 _aDO-SdBNP
_bspa
_cBNPHU
082 4 _bA742m
_axxxx
100 1 _aArnaiz, Francisco José
_953018
_d1925-2014
245 1 4 _aUna mañana de lujo /
_cFrancisco José Arnaiz
260 _aSanto Domingo :
_bAmigo del Hogar,
_c2012.
300 _a11 p. :
_c20 cm.
590 _aInventariado, 2022/ YL
910 _aYLockward
942 _2ddc
_cLF2
999 _c51578
_d51578